000 00310nam a2200133Ia 4500
005 20251222144900.0
008 251222s9999||||xx |||||||||||||| ||spa||
020 _a1-892021-14-5
082 _a858.9/B88
100 _aBuffoni, Franco
245 4 _aThe Shadow of Mount Rosa
264 _bGradiva
942 _cLIB
999 _c21953
_d21953